|
|
|
|
| LEADER |
01101nam a2200337 a 4500 |
| 001 |
c000182735 |
| 003 |
CARM |
| 005 |
20050427142952.0 |
| 008 |
920219s1976 uk a 000 0 eng d |
| 015 |
|
|
|a B7802538
|
| 019 |
1 |
|
|a 9998453
|5 LACONCORD2021
|
| 020 |
|
|
|a 0582420318
|
| 020 |
|
|
|a 0582420326
|
| 020 |
|
|
|a 0582420334
|
| 020 |
|
|
|a 0582420342 (Pbk)
|
| 035 |
|
|
|a (OCoLC)1993269
|5 LACONCORD2021
|
| 040 |
|
|
|a QTLN
|b eng
|c QTLN
|
| 050 |
0 |
0 |
|a TH6021
|
| 082 |
0 |
4 |
|a 696
|
| 100 |
1 |
|
|a Hall, Fred.
|
| 245 |
1 |
0 |
|a Building services and equipment /
|c F. Hall.
|n Vol. 1.
|
| 260 |
|
|
|a [London] :
|b Longman,
|c 1976.
|
| 300 |
|
|
|a 152 p. :
|b ill.
|
| 440 |
|
0 |
|a Longman technician series. Construction and civil engineering
|
| 500 |
|
|
|a Notebook format.
|
| 504 |
|
|
|a Bibl.: p.156. - Index.
|
| 650 |
|
0 |
|a Environmental engineering (Buildings)
|
| 852 |
8 |
|
|b CARM
|h A1:AR30F0
|i D07799
|p 0255050
|f BK
|
| 866 |
|
0 |
|a Held
|
| 999 |
f |
f |
|i 727b282a-cb68-5da4-80f5-4f225153e3cb
|s 4996fcc8-75e3-5b31-8cd7-e33c2f10c0fa
|
| 952 |
f |
f |
|p Can circulate
|a CAVAL
|b CAVAL
|c CAVAL
|d CARM 1 Store
|e D07799
|f A1:AR30F0
|h Other scheme
|i book
|m 0255050
|